Top 100 des plus grandes villes du Japon - Statistiques

Statistiques générales
  • Ce quiz a été pris 61 fois
  • Le résultat moyen est 21 sur 100
Statistiques - réponses
Population Villes % Correct
14 038 000 | 9 733 276 Tokyo
100%
2 752 412 Osaka
96%
1 463 723 Kyoto
94%
1 200 754 Hiroshima
83%
1 283 000 Nagasaki
81%
1 973 395 Sapporo
81%
2 332 176 Nagoya
77%
1 525 152 Kōbe
69%
3 777 491 Yokohama
69%
5 116 000 Fukuoka
65%
282 693 Fukushima
56%
354 630 Nara
48%
974 951 Chiba
42%
1 096 704 Sendai
42%
7 337 000 Saitama
38%
1 563 000 Kagoshima
33%
1 538 262 Kawasaki
33%
939 029 Kitakyūshū
31%
275 192 Aomori
29%
2 020 000 Nagano
29%
530 495 Himeji
27%
2 153 000 Niigata
27%
1 468 000 Okinawa
27%
1 718 000 Kumamoto
25%
1 107 000 Ōita
25%
724 691 Okayama
25%
693 389 Shizuoka
25%
402 557 Gifu
23%
790 718 Hamamatsu
23%
317 625 Naha
23%
463 254 Kanazawa
21%
801 000 Saga
21%
422 330 Toyota
21%
245 392 Fuji
19%
326 545 Kōchi
19%
1 052 000 Miyazaki
19%
544 000 Tottori
19%
356 729 Wakayama
19%
307 672 Akita
17%
511 192 Matsuyama
17%
826 161 Sakai
17%
413 938 Toyama
15%
329 306 Asahikawa
13%
270 685 Mito
13%
345 070 Ōtsu
13%
725 493 Sagamihara
13%
518 757 Utsunomiya
13%
332 931 Iwaki
10%
474 592 Kurashiki
10%
247 590 Yamagata
10%
264 642 Yao
10%
262 328 Fukui
8%
460 930 Fukuyama
8%
642 907 Funabashi
8%
251 084 Hakodate
8%
426 468 Kashiwa
8%
594 274 Kawaguchi
8%
327 692 Kōriyama
8%
332 149 Maebashi
8%
243 223 Sasebo
8%
287 730 Ibaraki
6%
303 316 Kurume
6%
289 731 Morioka
6%
384 654 Okazaki
6%
255 051 Shimonoseki
6%
417 496 Takamatsu
6%
252 391 Tokushima
6%
274 537 Tsu
6%
303 601 Akashi
4%
459 593 Amagasaki
4%
436 905 Fujisawa
4%
354 571 Kawagoe
4%
372 973 Takasaki
4%
352 698 Takatsuki
4%
241 656 Tsukuba
4%
484 845 Urawa
4%
262 790 Fuchū
2%
493 940 Higashiōsaka
2%
397 289 Hirakata
2%
258 422 Hiratsuka
2%
496 676 Ichikawa
2%
380 073 Ichinomiya
2%
260 878 Kakogawa
2%
308 681 Kasugai
2%
498 232 Matsudo
2%
266 936 Nagaoka
2%
248 304 Sōka
2%
385 567 Suita
2%
342 464 Tokorozawa
2%
802 000 Yamanashi
2%
305 424 Yokkaichi
2%
388 078 Yokosuka
2%
242 389 Chigasaki
0%
269 524 Ichihara
0%
341 621 Koshigaya
0%
485 587 Nishinomiya
0%
1 909 000 Tochigi
0%
371 920 Toyohashi
0%
401 558 Toyonaka
0%
Aucun quiz correspondant
Distribution des résultats
% des personnes avec chaque résultat
Percentile par nombre de réponses
Votre historique - résultats
Vous n’avez pas pris ce quiz